Southville International School and Colleges
Your cart is empty.
  • Cart
  • Lists
    Public lists Eva Luna New books Lux_list list_1
    Your lists Log in to create your own lists
  • Log in to your account
  • Your cookies
  • Search history
Southville International School and Colleges
  • Advanced search
  • Recent comments
  • Most popular
  • Libraries

Log in to your account

Log in with GOOGLE


If you do not have an external account, but do have a local account, you can still log in:

  1. Home
  2. MARC view: AMKU (Aklat ng magandang kuwento) /
Normal view MARC view ISBD view

AMKU (Aklat ng magandang kuwento) / (Record no. 3340)

[ view plain ]
MARC details
000 -LEADER
fixed length control field 00567nam a22001937a 4500
003 - CONTROL NUMBER IDENTIFIER
control field OSt
005 - DATE AND TIME OF LATEST TRANSACTION
control field 20140310181753.0
008 - FIXED-LENGTH DATA ELEMENTS--GENERAL INFORMATION
fixed length control field 130628t xxu||||| |||| 00| 0 eng d
020 ## - INTERNATIONAL STANDARD BOOK NUMBER
International Standard Book Number 9718905170
050 ## - LIBRARY OF CONGRESS CALL NUMBER
Classification number PL 6165.4
Item number .C227 1994
082 ## - DEWEY DECIMAL CLASSIFICATION NUMBER
Classification number FIL 899.211
Item number C165 1994
100 ## - MAIN ENTRY--PERSONAL NAME
Personal name Canonigo, C.S.
245 ## - TITLE STATEMENT
Title AMKU (Aklat ng magandang kuwento) /
Statement of responsibility, etc C.S. Canonigo, Teresita G. Basadre.
260 ## - PUBLICATION, DISTRIBUTION, ETC. (IMPRINT)
Place of publication, distribution, etc Taguig City, Philippines :
Name of publisher, distributor, etc CKC Publications,
Date of publication, distribution, etc 1994.
300 ## - PHYSICAL DESCRIPTION
Extent 202 p. :
Other physical details ill. ;
Dimensions 18 cm.
650 ## - SUBJECT ADDED ENTRY--TOPICAL TERM
Topical term or geographic name as entry element Short Stories
942 ## - ADDED ENTRY ELEMENTS (KOHA)
Source of classification or shelving scheme Library of Congress Classification
Koha item type Books
Holdings
Withdrawn status Lost status Source of classification or shelving scheme Damaged status Home library Current library Shelving location Date acquired Total Checkouts Full call number Barcode Date last seen Copy number Price effective from Koha item type
    Library of Congress Classification   Luxembourg Library Luxembourg Library Filipiniana Section 06/28/2013   PL 6165.4 .C227 1994 2820 08/13/2013 1 06/28/2013 Books

AMKU (Aklat ng magandang kuwento) /

APA

Canonigo C., . (1994). AMKU (Aklat ng magandang kuwento). Taguig City, Philippines: CKC Publications.

Chicago

Canonigo C.S, . 1994. AMKU (Aklat ng magandang kuwento). Taguig City, Philippines: CKC Publications.

Harvard

Canonigo C., . (1994). AMKU (Aklat ng magandang kuwento). Taguig City, Philippines: CKC Publications.

MLA

Canonigo C.S, . AMKU (Aklat ng magandang kuwento). Taguig City, Philippines: CKC Publications. 1994.

  • Place hold
  • Print
  • Cite
  • Add to your cart (remove)
  • Save record
    BIBTEX Dublin Core MARCXML MARC (non-Unicode/MARC-8) MARC (Unicode/UTF-8) MARC (Unicode/UTF-8, Standard) MODS (XML) RIS
  • More searches
    Search for this title in:
    Other Libraries (WorldCat) Other Databases (Google Scholar) Online Stores (Bookfinder.com) Open Library (openlibrary.org)

Exporting to Dublin Core...

SOUTHVILLE LIBRARY

Southville International School and Colleges Library

1281 Tropical Ave. Cor. Luxembourg St., BF Homes International, Las Pinas City

Tel. No. 8256374 / 252358 Loc. 117/146

Powered by Koha